000 00729nam a2200205Ia 4500
003 GCL
008 140319s9999 xx 000 0 ara d
040 _aGCL /
_cGCL
082 0 4 _a621.38804
_bف ا
100 1 _aفاروق محمد العامرى
245 1 0 _aاصلاح اعطال التليفزيون الملون متعدد الانظمة /
_cفاروق محمد العامرى
250 _aالاولى
260 _aالقاهرة :
_bالدار المصرية اللبنانية ،
_c1994
300 _a262 ص
490 _aموسوعة العامرى للالكترونيات
_v0
650 0 4 _aالصيانة
650 0 4 _aالتليفزيون الملون
650 0 4 _aالتليفزيون
942 _2ddc
_cBK
999 _c58999
_d58999